000 00248nam a22001097a 4500
999 _c12534
_d12534
020 _a978-0273737193
082 _a150.5
100 _aMercer, Jenny
245 _aPsychology Express: Social Psychology
260 _aIndia
_bPearson
_c2014
942 _cBK